000 00530nam a2200193Ia 4500
003 IN-BaIIA
008 211028s9999 xx 000 0 eng d
040 _cIIA Library
080 _a535.8
_bBOU
100 _aBoutry, G. A.
_93741
245 0 _aInstrumental optics
_cG. A. Boutry
260 _aLondon
_bHilger and Watts
_c1961
300 _axvi, 544p.
650 _aNASA Thesaurus
650 _aOptical design
650 _aOptical instruments
650 _aOptics
942 _cBK
999 _c1976
_d1976